Espiritualidad hinduista / (Record no. 171905)

MARC details
000 -LEADER
campo de control de longitud fija 00845nam a2200229 i 4500
001 - NÚMERO DE CONTROL
campo de control 171905
003 - IDENTIFICADOR DE NÚMERO DE CONTROL
campo de control ES-MaACL
005 - FECHA Y HORA DE LA ÚLTIMA TRANSACCIÓN
campo de control 20250808001432.0
008 - DATOS DE LONGITUD FIJA--INFORMACIÓN GENERAL
campo de control de longitud fija 090608s1982 sp |||| | spa d
017 ## - NÚMERO DE COPYRIGHT O DE DEPÓSITO LEGAL
Número de copyright o de depósito legal M 38634-1982
020 ## - NÚMERO INTERNACIONAL ESTÁNDAR DEL LIBRO
Número Internacional Estándar del Libro 84-220-1081-X
100 1# - ENTRADA PRINCIPAL--NOMBRE DE PERSONA
Nombre de persona Acharuparambil, Daniel.
9 (RLIN) 140530
245 10 - MENCIÓN DEL TÍTULO
Título Espiritualidad hinduista /
Mención de responsabilidad, etc. por D. Acharuparambil ; [traducción del original manuscrito italiano por José Luis Legaza].
260 ## - PUBLICACIÓN, DISTRIBUCIÓN, ETC.
Lugar de publicación, distribución, etc. Madrid :
Nombre del editor, distribuidor, etc. La Editorial Católica,
Fecha de publicación, distribución, etc. 1982.
300 ## - DESCRIPCIÓN FÍSICA
Extensión XXV, 289 p., 1 h. ;
Dimensiones 20 cm.
490 1# - MENCIÓN DE SERIE
Mención de serie Biblioteca de autores cristianos ;
Designación de volumen o secuencia 437.
Mención de serie Semina verbi
504 ## - NOTA DE BIBLIOGRAFÍA, ETC.
Nota de bibliografía, etc. Bibliografía : p. [XVII]-XXV.
700 0# - ENTRADA AGREGADA--NOMBRE PERSONAL
Nombre de persona Legaza, José Luis.
9 (RLIN) 71265
830 00 - PUNTO DE ACCESO ADICIONAL DE SERIE-TÍTULO UNIFORME
Título uniforme Biblioteca de autores cristianos.
Nombre de parte o sección de la obra Semina verbi
Designación de volumen o secuencia 437.
9 (RLIN) 178690
852 ## - LOCALIZACIÓN
Ubicación ES-MaACL
Número de control de estantería J-426
itemnumber R.46092
Holdings
Estatus retirado Estado de pérdida Estado de daño No para préstamo Biblioteca de origen Biblioteca actual Ubicación en estantería Fecha de adquisición Fuente de adquisición Total de préstamos Signatura topográfica completa Código de barras Visto por última vez Precio de reemplazo Tipo de ítem Koha
        Biblioteca del Ateneo de Madrid Biblioteca del Ateneo de Madrid Depósito 2 08/06/2009     J-426 1180409 23/02/2023 23/02/2023 Libro impreso